[Event "21st Dubai Open 2019"]
[Site "Dubai UAE"]
[Date "2019.04.06"]
[Round "5.5"]
[White "Deepan, C."]
[Black "Mareco, S."]
[Result "1-0"]
[WhiteElo "2534"]
[BlackElo "2666"]
[PlyCount "77"]
[EventDate "2019.04.01"]
[EventType "swiss"]
[EventRounds "9"]
[EventCountry "UAE"]
[SourceTitle "The Week in Chess 1274"]
[Source "Mark Crowther"]
[SourceDate "2019.04.08"]
[SourceVersion "1"]
[SourceVersionDate "2019.04.08"]
[SourceQuality "2"]

1. d4 Nf6 2. Bg5 d5 3. e3 c6 4. Nd2 g6 5. Bxf6 exf6 6. g3 Nd7 7. Bg2 Nb6 8. Ne2
Bd6 9. a4 a5 10. O-O O-O 11. Nf4 Bxf4 12. gxf4 Re8 13. Re1 Bf5 14. b3 Qe7 15.
Nf1 Be6 16. Qd2 Nc8 17. Ng3 Nd6 18. Kh1 h5 19. Rg1 h4 20. Ne2 Bg4 21. h3 Ne4
22. Qe1 Bf5 23. Kh2 Rac8 24. c4 dxc4 25. bxc4 c5 26. d5 Kh7 27. Ra2 g5 28. Rb2
Rg8 29. Rb6 Rg6 30. Nc3 Nd6 31. e4 Bd7 32. e5 Nxc4 33. Rxb7 gxf4 34. e6 Ne5 35.
Be4 f5 36. Rxd7 Nxd7 37. Bxf5 Nf8 38. Qe5 fxe6 39. Bxg6+ 1-0

[Event "Tal Memorial Blitz 2019"]
[Site "Riga LAT"]
[Date "2019.07.18"]
[Round "10.8"]
[White "Demidov, M."]
[Black "Cruz, Cr"]
[Result "1-0"]
[WhiteElo "2546"]
[BlackElo "2562"]
[PlyCount "71"]
[EventDate "2019.07.18"]
[EventType "swiss (blitz)"]
[EventRounds "13"]
[EventCountry "LAT"]
[SourceTitle "The Week in Chess 1289"]
[Source "Mark Crowther"]
[SourceDate "2019.07.22"]
[SourceVersion "3"]
[SourceVersionDate "2019.08.10"]
[SourceQuality "2"]

1. d4 Nf6 2. Bg5 Ne4 3. Bf4 e6 4. f3 Bd6 5. Bxd6 Nxd6 6. e4 f5 7. e5 Nf7 8. Nc3
O-O 9. f4 b6 10. Be2 Bb7 11. Bf3 Qc8 12. Bxb7 Qxb7 13. Nf3 Nc6 14. Qe2 Ne7 15.
O-O-O c6 16. Rdg1 b5 17. Nd1 a5 18. Ne3 b4 19. g4 fxg4 20. Nxg4 Kh8 21. Qg2 Nf5
22. Ne3 N7h6 23. Nh4 Rf7 24. Nhxf5 Nxf5 25. Nxf5 exf5 26. h4 a4 27. Rh3 b3 28.
a3 bxc2 29. Rg3 Rg8 30. h5 Qb8 31. Qxc2 d6 32. h6 c5 33. e6 Re7 34. d5 Qb7 35.
hxg7+ Rgxg7 36. Qc3 1-0

[Event "Tal Memorial Blitz 2019"]
[Site "Riga LAT"]
[Date "2019.07.18"]
[Round "13.7"]
[White "Demidov, M."]
[Black "Halkias, S."]
[Result "1-0"]
[WhiteElo "2546"]
[BlackElo "2553"]
[PlyCount "121"]
[EventDate "2019.07.18"]
[EventType "swiss (blitz)"]
[EventRounds "13"]
[EventCountry "LAT"]
[SourceTitle "The Week in Chess 1289"]
[Source "Mark Crowther"]
[SourceDate "2019.07.22"]
[SourceVersion "3"]
[SourceVersionDate "2019.08.10"]
[SourceQuality "2"]

1. d4 Nf6 2. Bg5 d5 3. Nf3 e6 4. e3 Nbd7 5. Bd3 c5 6. c3 Bd6 7. Nbd2 h6 8. Bh4
Qc7 9. O-O c4 10. Bc2 b5 11. e4 dxe4 12. Nxe4 Nxe4 13. Bxe4 Rb8 14. Bg3 Bxg3
15. hxg3 Nf6 16. Qe2 O-O 17. Bc2 b4 18. Ne5 Nd5 19. Qe4 f5 20. Qe1 bxc3 21.
bxc3 Rb2 22. Qc1 Rb6 23. Bd1 Bb7 24. Bf3 Nf6 25. Rb1 Bd5 26. Qa3 Rfb8 27. Rxb6
Rxb6 28. Re1 Kh7 29. Qa4 Rb2 30. Bxd5 exd5 31. Qa6 Qe7 32. Qc8 g6 33. Nd3 Re2
34. Rxe2 Qxe2 35. Qc7+ Kg8 36. Qb8+ Qe8 37. Qxe8+ Nxe8 38. Nf4 Nc7 39. Nxg6 Kf7
40. Nf4 Ke7 41. Kf1 Kd6 42. Ke2 Nb5 43. Kd2 a5 44. Ng6 a4 45. Ne5 Ke6 46. g4
fxg4 47. Nxg4 h5 48. Ne3 a3 49. g3 Nd6 50. f3 Nf7 51. Nc2 Ng5 52. Ke3 Kd6 53.
Nxa3 Ne6 54. Nc2 Ng7 55. Kf4 Ne6+ 56. Kf5 Nc7 57. a4 Kc6 58. Ne3 Kb6 59. Ke5
Kc6 60. f4 Kd7 61. Nxd5 1-0

[Event "Chigorin Memorial blitz 22nd"]
[Site "St Petersburg"]
[Date "2014.10.17"]
[Round "9"]
[White "Demidov, Mikhail"]
[Black "Lalith, Babu MR"]
[Result "1-0"]
[WhiteElo "2516"]
[BlackElo "2547"]
[PlyCount "229"]
[EventDate "2014.10.17"]
[EventType "swiss (blitz)"]
[EventRounds "13"]
[EventCountry "RUS"]
[SourceTitle "EXT 2015"]
[Source "ChessBase"]
[SourceDate "2014.11.20"]
[SourceVersion "1"]
[SourceVersionDate "2014.11.20"]
[SourceQuality "1"]

1. d4 Nf6 2. Bg5 e6 3. Nd2 c5 4. e3 Nc6 5. c3 h6 6. Bh4 b6 7. Bd3 Bb7 8. Ngf3
Be7 9. a3 O-O 10. O-O d6 11. Qe2 Rc8 12. h3 Re8 13. Bg3 Bf8 14. Rfd1 Qc7 15. e4
e5 16. dxe5 dxe5 17. Bh2 Nh5 18. Nxe5 Rxe5 19. Bb5 Qe7 20. Bxe5 Qxe5 21. Nc4
Qg5 22. Qf3 Ne7 23. Rd7 Bc6 24. Bxc6 Rxc6 25. g3 Rf6 26. Qg4 Re6 27. Qxg5 hxg5
28. Re1 Nf6 29. Rxa7 Nxe4 30. f3 Nxg3 31. Rxe6 fxe6 32. Nxb6 Nd5 33. Nxd5 exd5
34. Rd7 d4 35. a4 dxc3 36. bxc3 Ne2+ 37. Kf2 Nxc3 38. a5 Nb5 39. Rb7 Nd6 40.
Rb8 c4 41. a6 c3 42. a7 c2 43. Rxf8+ Kh7 44. Rh8+ Kg6 45. a8=Q c1=Q 46. Qa2
Qc5+ 47. Kg2 Qe5 48. Qc2+ Kf7 49. Qa2+ Kg6 50. Rd8 Nf5 51. Qc2 Kh6 52. Qc6+ g6
53. Qe4 Qg3+ 54. Kf1 Qxh3+ 55. Ke1 Qh1+ 56. Kd2 Qh2+ 57. Qe2 Qf4+ 58. Ke1 Qb4+
59. Rd2 Qb1+ 60. Qd1 Qb4 61. Kf2 Qc5+ 62. Ke1 Qg1+ 63. Ke2 Qe3+ 64. Kf1 Ng3+
65. Kg2 Nh5 66. Rf2 Nf4+ 67. Kf1 Nh5 68. Rh2 Qe5 69. Qd2 Qb5+ 70. Kg1 Qb1+ 71.
Kf2 Qb6+ 72. Kg2 Qc6 73. Qb2 Kh7 74. Rh1 g4 75. Qf2 g3 76. Qxg3 Qc2+ 77. Qf2
Qc6 78. Rh4 Qf6 79. Rg4 Nf4+ 80. Kh2 Nh5 81. Qe3 Qb2+ 82. Rg2 Qb8+ 83. Kg1 Qb1+
84. Kf2 Qc2+ 85. Kf1 Qb1+ 86. Qe1 Qb5+ 87. Kg1 Qb6+ 88. Qf2 Qb1+ 89. Qf1 Qb6+
90. Rf2 Qe3 91. Qe2 Qc1+ 92. Rf1 Qc5+ 93. Qf2 Qg5+ 94. Qg2 Qe3+ 95. Rf2 Qc1+
96. Qf1 Qe3 97. Qd1 Qg5+ 98. Rg2 Qe3+ 99. Rf2 Qg5+ 100. Rg2 Qe3+ 101. Kf1 Qe6
102. Qd4 Qa6+ 103. Re2 Qb7 104. Kf2 Qc7 105. Qe5 Qb6+ 106. Qe3 Qc6 107. Qe7+
Kh6 108. Qf8+ Kg5 109. Re5+ Kh4 110. Qd8+ Kh3 111. Rd5 Qc2+ 112. Rd2 Qc4 113.
Qd4 Qc7 114. Qg4+ Kh2 115. Qg2# 1-0

[Event "RUS-chT blitz"]
[Site "Sochi"]
[Date "2015.05.10"]
[Round "5.17"]
[White "Demidov, Mikhail"]
[Black "Korobov, Anton"]
[Result "1-0"]
[WhiteElo "2513"]
[BlackElo "2708"]
[PlyCount "115"]
[EventDate "2015.05.10"]
[EventType "team-swiss (blitz)"]
[EventRounds "11"]
[EventCountry "RUS"]
[SourceTitle "CBM 166 Extra"]
[Source "ChessBase"]
[SourceDate "2015.06.18"]
[SourceVersion "1"]
[SourceVersionDate "2015.06.18"]
[SourceQuality "1"]
[WhiteTeam "Moscow Boavista"]
[BlackTeam "Novosibirsk Sibir"]
[WhiteTeamCountry "RUS"]
[BlackTeamCountry "RUS"]

1. d4 Nf6 2. Bg5 e6 3. Nd2 c5 4. e3 b6 5. Ngf3 Bb7 6. c3 Be7 7. Bd3 Nc6 8. a3
O-O 9. O-O cxd4 10. cxd4 Rc8 11. Rc1 h6 12. Bh4 Nh5 13. Bxe7 Qxe7 14. Qe2 Nf6
15. Ba6 d6 16. h3 Nb8 17. Bd3 e5 18. dxe5 dxe5 19. Nh4 e4 20. Bc4 Kh7 21. Nf5
Qe5 22. Nd4 Nc6 23. N2b3 Ne7 24. Ba6 Rxc1 25. Rxc1 Bd5 26. Bc4 Ba8 27. Qe1 a5
28. Nd2 Ng6 29. Bf1 Bd5 30. Nc4 Qb8 31. b4 a4 32. b5 Rc8 33. Nb2 Rxc1 34. Qxc1
Ne5 35. Nxa4 Qa7 36. Nc3 Ba8 37. a4 g5 38. Qc2 g4 39. hxg4 Nexg4 40. Nce2 Qb8
41. Nf4 Nh5 42. Nc6 Qc7 43. Qxe4+ Kg8 44. g3 Nhf6 45. Qc4 Qd6 46. Qd3 Qc7 47.
Qd4 h5 48. Bg2 h4 49. gxh4 Kf8 50. Qb4+ Kg8 51. Qd4 Kf8 52. Qc3 Kg8 53. f3 Qd6
54. fxg4 Qd1+ 55. Bf1 Qxg4+ 56. Ng2 Ne4 57. Qe5 f5 58. Qxf5 1-0

[Event "Moscow-ch blitz 67th"]
[Site "Moscow"]
[Date "2013.09.01"]
[Round "15"]
[White "Demidov, Mikhail"]
[Black "Savchenko, Boris"]
[Result "1-0"]
[WhiteElo "2503"]
[BlackElo "2602"]
[PlyCount "73"]
[EventDate "2013.09.01"]
[EventType "tourn (blitz)"]
[EventRounds "19"]
[EventCountry "RUS"]
[EventCategory "15"]
[SourceTitle "CBM 156 Extra"]
[Source "ChessBase"]
[SourceDate "2013.10.22"]
[SourceVersion "1"]
[SourceVersionDate "2013.10.22"]
[SourceQuality "1"]

1. d4 Nf6 2. Bg5 e6 3. Nd2 h6 4. Bh4 c5 5. e3 cxd4 6. exd4 Qb6 7. Nc4 Qc7 8.
Bg3 d6 9. c3 Be7 10. Nf3 O-O 11. Bd3 Nh5 12. Ne3 Nd7 13. O-O Nxg3 14. hxg3 Nf6
15. Qe2 b6 16. Ba6 Bd7 17. Bb5 d5 18. Bxd7 Nxd7 19. Nxd5 exd5 20. Qxe7 Rfe8 21.
Qb4 Nf6 22. Ne5 Ne4 23. Rfe1 Rad8 24. Re3 h5 25. Rae1 Re6 26. Nd3 g5 27. f3 Nd2
28. Rxe6 fxe6 29. Re5 g4 30. fxg4 hxg4 31. Nf4 Qf7 32. Rxe6 Qf5 33. Qe7 Rd6 34.
Qe8+ Kg7 35. Re7+ Kh6 36. Qh8+ Kg5 37. Re5 1-0

[Event "12th Triandrias Open 2019"]
[Site "Thessaloniki GRE"]
[Date "2019.05.04"]
[Round "8.1"]
[White "Dimitrov, R."]
[Black "Fier, A."]
[Result "1-0"]
[WhiteElo "2521"]
[BlackElo "2570"]
[PlyCount "143"]
[EventDate "2019.04.29"]
[EventType "swiss"]
[EventRounds "9"]
[EventCountry "GRE"]
[SourceTitle "The Week in Chess 1278"]
[Source "Mark Crowther"]
[SourceDate "2019.05.06"]
[SourceVersion "1"]
[SourceVersionDate "2019.05.06"]
[SourceQuality "2"]

1. d4 Nf6 2. Bg5 e6 3. e4 h6 4. Bxf6 Qxf6 5. c3 d6 6. Bd3 g6 7. Ne2 e5 8. O-O
Bg7 9. f4 Qe7 10. Nd2 O-O 11. Nf3 Nd7 12. Qd2 c5 13. dxe5 dxe5 14. Rad1 exf4
15. Nxf4 Ne5 16. Nxe5 Qxe5 17. Bc4 Kh7 18. Qd5 Qxd5 19. Bxd5 Bg4 20. Rb1 Rab8
21. h3 Bd7 22. Nd3 Bb5 23. Nxc5 Bxf1 24. Rxf1 Rbd8 25. Nxb7 Rb8 26. g4 h5 27.
Rf2 Kh6 28. Nd6 f6 29. Nf7+ Kh7 30. gxh5 gxh5 31. Nd6 f5 32. Nxf5 Be5 33. Kf1
Rb6 34. Bb3 Rd8 35. Ke2 a5 36. Ke3 Rdb8 37. Ne7 a4 38. Rf7+ Kh6 39. Bxa4 Rxb2
40. Nc6 Ra8 41. Nxe5 Rxa4 42. Rf6+ Kg7 43. Rg6+ Kf8 44. Rg5 Raxa2 45. Rxh5 Ra3
46. Kd4 Rd2+ 47. Nd3 Ra1 48. Kc4 Ra4+ 49. Nb4 Kf7 50. Rf5+ Ke6 51. h4 Ra8 52.
Rc5 Re2 53. Kd4 Rd8+ 54. Nd5 Rh2 55. Rc6+ Rd6 56. Rc7 Rd7 57. Rxd7 Kxd7 58. h5
Kd6 59. Nf4 Rd2+ 60. Ke3 Rh2 61. c4 Rc2 62. Kd4 Rd2+ 63. Nd3 Rh2 64. c5+ Kc6
65. Nf4 Rd2+ 66. Ke5 Kxc5 67. Kf5 Kd6 68. h6 Rh2 69. e5+ Ke7 70. Kg6 Rh4 71. h7
Rg4+ 72. Kf5 1-0

[Event "POL-chT U26 rapid"]
[Site "Hucisko"]
[Date "2016.01.16"]
[Round "4.2"]
[White "Dragun, Kamil"]
[Black "Sadzikowski, Daniel"]
[Result "1-0"]
[WhiteElo "2561"]
[BlackElo "2534"]
[PlyCount "79"]
[EventDate "2016.01.16"]
[EventType "team-swiss (rapid)"]
[EventRounds "9"]
[EventCountry "POL"]
[SourceTitle "CBM 170 Extra"]
[Source "ChessBase"]
[SourceDate "2016.02.25"]
[SourceVersion "1"]
[SourceVersionDate "2016.02.25"]
[SourceQuality "1"]
[WhiteTeam "Poznan UE"]
[BlackTeam "Krakow AGH"]
[WhiteTeamCountry "POL"]
[BlackTeamCountry "POL"]

1. d4 Nf6 2. Bg5 d5 3. e3 e6 4. Nf3 h6 5. Bh4 c5 6. c4 cxd4 7. exd4 Nc6 8. Nc3
Bb4 9. Bd3 dxc4 10. Bxc4 Qa5 11. O-O Bxc3 12. Bxf6 Bxb2 13. Bxg7 Rg8 14. Rb1
Qc3 15. Bxh6 Qxc4 16. Rxb2 Qd5 17. Bf4 b6 18. Bg3 Bb7 19. Qa4 Rd8 20. Rb5 Qe4
21. Re1 Qd3 22. Rb3 Qc2 23. Qb5 Kf8 24. Qh5 Rd5 25. Qh6+ Ke8 26. Rbe3 Ne7 27.
Qf4 Rf5 28. Qb8+ Qc8 29. Qxc8+ Bxc8 30. Ne5 f6 31. Nd3 Nd5 32. Re4 Kf7 33. Nf4
Nxf4 34. Rxf4 Ra5 35. Re2 Bb7 36. Rh4 Bd5 37. Rc2 Rxa2 38. Rc7+ Kg6 39. h3 Kg5
40. Rg4+ 1-0

[Event "World Blitz 2018"]
[Site "St Petersburg RUS"]
[Date "2018.12.30"]
[Round "16.2"]
[White "Duda, J."]
[Black "Jones, G."]
[Result "1-0"]
[WhiteElo "2738"]
[BlackElo "2682"]
[PlyCount "43"]
[EventDate "2018.12.29"]
[EventType "swiss (blitz)"]
[EventRounds "21"]
[EventCountry "RUS"]
[SourceTitle "The Week in Chess 1260"]
[Source "Mark Crowther"]
[SourceDate "2018.12.31"]
[SourceVersion "2"]
[SourceVersionDate "2019.08.03"]
[SourceQuality "2"]

1. d4 Nf6 2. Bg5 d5 3. e3 c5 4. Bxf6 gxf6 5. c4 cxd4 6. exd4 Nc6 7. Nc3 dxc4 8.
d5 Ne5 9. Bxc4 Nxc4 10. Qa4+ Bd7 11. Qxc4 Rc8 12. Qd3 Qb6 13. Nge2 Qa6 14. Qf3
h5 15. O-O Bg4 16. Qe4 Qc4 17. Nd4 f5 18. Qe5 f6 19. Qe6 f4 20. Nf5 Rd8 21.
Rfe1 f3 22. Ng7+ 1-0

[Event "World Blitz 2018"]
[Site "St Petersburg RUS"]
[Date "2018.12.30"]
[Round "21.2"]
[White "Duda, J."]
[Black "Gelfand, B."]
[Result "1-0"]
[WhiteElo "2738"]
[BlackElo "2673"]
[PlyCount "47"]
[EventDate "2018.12.29"]
[EventType "swiss (blitz)"]
[EventRounds "21"]
[EventCountry "RUS"]
[SourceTitle "The Week in Chess 1260"]
[Source "Mark Crowther"]
[SourceDate "2018.12.31"]
[SourceVersion "2"]
[SourceVersionDate "2019.08.03"]
[SourceQuality "2"]

1. d4 Nf6 2. Bg5 d5 3. Bxf6 gxf6 4. c4 dxc4 5. e3 c5 6. d5 b5 7. a4 Bb7 8. axb5
Qxd5 9. Qxd5 Bxd5 10. Nc3 Bb7 11. Be2 Nd7 12. Bf3 Bxf3 13. Nxf3 e6 14. Nd2 f5
15. Nxc4 Bg7 16. b6 Ke7 17. b7 Rab8 18. Rxa7 Ne5 19. Na5 Rhd8 20. Ke2 Kd7 21.
Rd1+ Kc7 22. Nb5+ Kb6 23. Rxd8 Rxd8 24. Ra8 1-0

[Event "46th GM 2018"]
[Site "Dortmund GER"]
[Date "2018.07.17"]
[Round "3.4"]
[White "Duda, J."]
[Black "Wojtaszek, R."]
[Result "1-0"]
[WhiteElo "2737"]
[BlackElo "2733"]
[PlyCount "79"]
[EventDate "2018.07.14"]
[EventType "tourn"]
[EventRounds "7"]
[EventCountry "GER"]
[EventCategory "19"]
[SourceTitle "The Week in Chess 1237"]
[Source "Mark Crowther"]
[SourceDate "2018.07.23"]
[SourceVersion "1"]
[SourceVersionDate "2018.07.23"]
[SourceQuality "2"]

1. d4 Nf6 2. Bg5 d5 3. Bxf6 gxf6 4. c4 dxc4 5. e3 c5 6. d5 Bg7 7. Bxc4 f5 8.
Nc3 Nd7 9. Nge2 a6 10. a4 Ne5 11. Ba2 O-O 12. O-O Rb8 13. Ng3 b5 14. axb5 axb5
15. Qc2 Qd6 16. Nce2 b4 17. Rac1 b3 18. Bxb3 c4 19. Bxc4 Rxb2 20. Qd1 Qb4 21.
Nd4 Nxc4 22. Nc6 Qc5 23. Qa4 Rd2 24. Rxc4 Qd6 25. Qa7 Bf6 26. Nh5 Kh8 27. Nxf6
exf6 28. Rd4 Rc2 29. Nb4 Rc5 30. Rfd1 Bd7 31. Qa6 Qxa6 32. Nxa6 Rb5 33. h4 Rc8
34. Nb4 Kg7 35. Kh2 Kf8 36. R1d2 Rcb8 37. Nd3 Ke7 38. Nf4 Rb2 39. d6+ Kf8 40.
Nh5 1-0

[Event "Titled Tuesday 7th Sept"]
[Site "chess.com INT"]
[Date "2021.09.07"]
[Round "3"]
[White "Erigaisi, Arjun"]
[Black "Zarnicki, P."]
[Result "1-0"]
[WhiteElo "2626"]
[BlackElo "2514"]
[PlyCount "93"]
[EventDate "2021.09.07"]
[SourceVersionDate "2018.05.14"]

1. d4 Nf6 2. Bg5 e6 3. e4 c5 4. d5 h6 5. Bxf6 Qxf6 6. Nc3 a6 7. Nf3 d6 8. dxe6
fxe6 9. e5 dxe5 10. Ne4 Qf4 11. Bd3 Nc6 12. c3 Be7 13. Qe2 O-O 14. Rd1 b5 15.
Ng3 Bb7 16. Bb1 Rad8 17. O-O Na5 18. Nxe5 Qg5 19. Ng6 Rf7 20. Rxd8+ Bxd8 21.
Qxe6 Bc6 22. Ne5 Qf6 23. Qxf7+ Qxf7 24. Nxf7 Kxf7 25. Be4 Be8 26. Rd1 Be7 27.
Nf5 Nc4 28. Bd5+ Kf6 29. Bxc4 Kxf5 30. Re1 Kf6 31. Re6+ Kf7 32. Bd5 Bd7 33.
Rxa6+ Ke8 34. Bc6 Bd8 35. Bxd7+ Kxd7 36. Ra7+ Bc7 37. a4 Kc6 38. axb5+ Kb6 39.
Rxc7 Kxc7 40. c4 Kd6 41. f4 Ke6 42. Kf2 Kf5 43. Ke3 g5 44. b6 gxf4+ 45. Kf3 Ke6
46. b7 Kd6 47. b8=Q+ 1-0

[Event "chess.com Junior Speed"]
[Site "chess.com INT"]
[Date "2021.08.03"]
[Round "2.27"]
[White "Erigaisi, Arjun"]
[Black "Martirosyan, Haik M."]
[Result "1-0"]
[WhiteElo "2567"]
[BlackElo "2632"]
[PlyCount "67"]
[EventDate "2021.07.01"]
[EventType "k.o. (blitz)"]
[EventRounds "4"]
[SourceTitle "The Week in Chess 1396"]
[Source "Mark Crowther"]
[SourceDate "2021.08.13"]
[SourceVersion "2"]
[SourceVersionDate "2021.08.13"]
[SourceQuality "2"]

1. d4 Nf6 2. Bg5 g6 3. Bxf6 exf6 4. c4 Bg7 5. Nc3 O-O 6. g3 d6 7. Bg2 f5 8. e3
Nd7 9. Nge2 Nf6 10. O-O h5 11. b4 h4 12. b5 hxg3 13. hxg3 Re8 14. Nf4 Bh6 15.
Bf3 Kg7 16. Kg2 Ne4 17. Qc2 Ng5 18. Bd5 Qd7 19. c5 c6 20. bxc6 bxc6 21. Bb3
dxc5 22. dxc5 Qe7 23. Nce2 Ne4 24. Rac1 Qf6 25. Rh1 Ba6 26. Nd4 Rh8 27. Nfe6+
fxe6 28. Nxe6+ Kf7 29. Nc7+ Kg7 30. Nxa6 Rad8 31. Nc7 Ng5 32. f4 Qe7 33. fxg5
Bxg5 34. Ne6+ 1-0

[Event "chess.com Junior Speed"]
[Site "chess.com INT"]
[Date "2021.08.03"]
[Round "2.25"]
[White "Erigaisi, Arjun"]
[Black "Martirosyan, Haik M."]
[Result "1-0"]
[WhiteElo "2567"]
[BlackElo "2632"]
[PlyCount "125"]
[EventDate "2021.07.01"]
[EventType "k.o. (blitz)"]
[EventRounds "4"]
[SourceTitle "The Week in Chess 1396"]
[Source "Mark Crowther"]
[SourceDate "2021.08.13"]
[SourceVersion "2"]
[SourceVersionDate "2021.08.13"]
[SourceQuality "2"]

1. d4 Nf6 2. Bg5 e6 3. e4 h6 4. Bxf6 Qxf6 5. c3 d6 6. Bd3 Nd7 7. Ne2 g6 8. O-O
Bg7 9. f4 Qe7 10. Nd2 e5 11. f5 Nf6 12. fxg6 fxg6 13. Qb3 Be6 14. d5 Bg4 15.
Bb5+ Kf8 16. h3 Bc8 17. Rf2 Kg8 18. Raf1 Kh7 19. c4 Rf8 20. Qe3 Nh5 21. Rxf8
Bxf8 22. Ba4 Bg7 23. g4 Nf4 24. Nxf4 exf4 25. Qxf4 Bd7 26. Bxd7 Qxd7 27. Qf7
Qa4 28. Qxc7 Qc2 29. Rf2 Kh8 30. Nf3 Qxe4 31. Qxd6 Rf8 32. Kg2 Qxc4 33. Qxg6
Qxd5 34. b3 a5 35. Qc2 b5 36. Qd2 Qa8 37. Qd3 Qb7 38. Kf1 Qb6 39. Qe2 Qc6 40.
Kg1 Qc1+ 41. Kh2 Qc7+ 42. Kg2 Qc6 43. Rf1 a4 44. Qd3 a3 45. Re1 b4 46. Re4 Qc1
47. Qe2 Qb2 48. Nh4 Rc8 49. Kg3 Rc3+ 50. Nf3 Qb1 51. h4 Kh7 52. g5 Qg1+ 53. Kf4
Qc5 54. Re7 Qd6+ 55. Kg4 h5+ 56. Kxh5 Rxf3 57. Rxg7+ Kxg7 58. Qxf3 Qd2 59. Qf6+
Kg8 60. Kg6 Qc2+ 61. Qf5 Qc6+ 62. Kh5 Qe8+ 63. Qg6+ 1-0

[Event "Kramer Memorial"]
[Site "Netherlands"]
[Date "2007.??.??"]
[Round "5"]
[White "Ernst, Sipke"]
[Black "Van der Weide, Karel"]
[Result "1-0"]
[WhiteElo "2535"]
[BlackElo "2500"]
[PlyCount "51"]
[EventDate "2007.03.??"]
[EventType "tourn"]
[EventRounds "5"]
[EventCountry "NED"]
[EventCategory "9"]
[SourceTitle "EXT 2010"]
[Source "ChessBase"]
[SourceDate "2010.11.25"]
[SourceVersion "1"]
[SourceVersionDate "2010.11.25"]
[SourceQuality "1"]

1. d4 Nf6 2. Bg5 Ne4 3. Bf4 c5 4. f3 Qa5+ 5. c3 Nf6 6. d5 Qb6 7. e4 Qxb2 8. Nd2
Qxc3 9. Bc7 b6 10. Rc1 Qa5 11. Be5 b5 12. Rxc5 Na6 13. Rxb5 Qd8 14. Bc3 e5 15.
Ba5 Qe7 16. Qc2 Nh5 17. d6 Qf6 18. Bc4 Nf4 19. Ne2 Bxd6 20. Nxf4 Qxf4 21. Bd5
Nc5 22. Nc4 O-O 23. Nxd6 Qe3+ 24. Kd1 Nd3 25. Qd2 Qd4 26. Bc3 1-0

[Event "World Blitz 2018"]
[Site "St Petersburg RUS"]
[Date "2018.12.29"]
[Round "7.28"]
[White "Fedoseev, Vl3"]
[Black "Antipov, M2."]
[Result "1-0"]
[WhiteElo "2719"]
[BlackElo "2589"]
[PlyCount "111"]
[EventDate "2018.12.29"]
[EventType "swiss (blitz)"]
[EventRounds "21"]
[EventCountry "RUS"]
[SourceTitle "The Week in Chess 1260"]
[Source "Mark Crowther"]
[SourceDate "2018.12.31"]
[SourceVersion "2"]
[SourceVersionDate "2019.08.03"]
[SourceQuality "2"]

1. d4 Nf6 2. Bg5 e6 3. e4 h6 4. Bxf6 Qxf6 5. Nf3 d6 6. Nbd2 Nc6 7. c3 Bd7 8. b4
e5 9. b5 Ne7 10. a4 Ng6 11. g3 Be7 12. h4 Bg4 13. h5 Nf8 14. Be2 Ne6 15. d5 Nc5
16. Qc2 g6 17. Nh4 Bxe2 18. Kxe2 Qg7 19. Nb3 Nd7 20. Rag1 a5 21. g4 Bxh4 22.
Rxh4 g5 23. Rh3 b6 24. Nd2 Nc5 25. Nf1 O-O-O 26. Rf3 f6 27. Ng3 Rh7 28. Nf5 Qf8
29. Kd2 Rf7 30. Kc1 Kb8 31. Kb2 Rc8 32. Ka3 Rd8 33. Ne3 Rc8 34. Rgg3 Kb7 35.
Nc4 Rd8 36. Rf5 Rc8 37. Rgf3 Re8 38. Qe2 Rd8 39. Nd2 Re8 40. Nb3 Rd8 41. Qc4
Rdd7 42. Kb2 Rd8 43. Kc2 Rdd7 44. Re3 Rd8 45. Re2 Rdd7 46. Nd4 exd4 47. cxd4
Rfe7 48. dxc5 dxc5 49. e5 Qe8 50. e6 Rd6 51. Rxf6 Qd8 52. Re5 Red7 53. Rff5 Re7
54. Qe4 Qh8 55. Kb3 Rd8 56. d6+ 1-0

[Event "Titled Tuesday 16th June"]
[Site "chess.com INT"]
[Date "2020.06.16"]
[Round "7"]
[White "Fedoseev, Vl3"]
[Black "Savchenko, B."]
[Result "1-0"]
[WhiteElo "2678"]
[BlackElo "2564"]
[PlyCount "85"]
[EventDate "2020.06.16"]
[EventType "swiss (blitz)"]
[EventRounds "10"]
[SourceTitle "The Week in Chess 1337"]
[Source "Mark Crowther"]
[SourceDate "2020.06.22"]
[SourceVersion "1"]
[SourceVersionDate "2020.06.26"]
[SourceQuality "2"]

1. d4 Nf6 2. Bg5 g6 3. Nd2 d5 4. c3 Bg7 5. Ngf3 O-O 6. e3 b6 7. b4 c5 8. Be2 h6
9. Bh4 Nc6 10. b5 Na5 11. Ne5 a6 12. a4 Nd7 13. Nd3 axb5 14. axb5 Bb7 15. O-O
Re8 16. f4 Qc7 17. f5 g5 18. Bg3 Qc8 19. h4 cxd4 20. cxd4 Nc4 21. Nxc4 Rxa1 22.
Qxa1 dxc4 23. Nb4 Nc5 24. hxg5 hxg5 25. Bh2 Ne4 26. Rc1 Qxf5 27. Rf1 Qxb5 28.
Qa7 Nc3 29. Bh5 Rf8 30. Qxb7 Qxb4 31. Qd7 b5 32. Kh1 Bf6 33. Be5 Bxe5 34. dxe5
Kg7 35. Qf5 f6 36. Qg6+ Kh8 37. Qh6+ Kg8 38. Bg6 Rf7 39. Bxf7+ Kxf7 40. exf6
exf6 41. Rxf6+ Ke8 42. Qg6+ Kd7 43. Rf7+ 1-0

[Event "Voronezh op 16th"]
[Site "Voronezh"]
[Date "2012.06.16"]
[Round "5"]
[White "Fedoseev, Vladimir"]
[Black "Zubov, Alexander"]
[Result "1-0"]
[WhiteElo "2546"]
[BlackElo "2617"]
[PlyCount "47"]
[EventDate "2012.06.12"]
[EventType "swiss"]
[EventRounds "9"]
[EventCountry "RUS"]
[SourceTitle "CBM 149 Extra"]
[Source "ChessBase"]
[SourceDate "2012.08.24"]
[SourceVersion "1"]
[SourceVersionDate "2012.08.24"]
[SourceQuality "1"]

1. d4 Nf6 2. Bg5 e6 3. e4 h6 4. Bxf6 Qxf6 5. c3 d6 6. Bd3 e5 7. Ne2 g6 8. O-O
Bg7 9. f4 Qe7 10. Nd2 O-O 11. Nf3 Bg4 12. Qb3 b6 13. h3 Bxf3 14. Rxf3 Nd7 15.
Raf1 Nf6 16. Qb5 exd4 17. e5 dxe5 18. fxe5 Nh7 19. Rxf7 Rxf7 20. Rxf7 Qc5 21.
Qd7 dxc3+ 22. Kh1 Bxe5 23. Rxh7 Rf8 24. Qe6+ 1-0

[Event "Wch U20 53rd"]
[Site "Pune"]
[Date "2014.10.17"]
[Round "11"]
[White "Fedoseev, Vladimir"]
[Black "Ghosh, Diptayan"]
[Result "1-0"]
[WhiteElo "2661"]
[BlackElo "2508"]
[PlyCount "135"]
[EventDate "2014.10.06"]
[EventType "swiss"]
[EventRounds "13"]
[EventCountry "IND"]
[SourceTitle "EXT 2015"]
[Source "ChessBase"]
[SourceDate "2014.11.20"]
[SourceVersion "1"]
[SourceVersionDate "2014.11.20"]
[SourceQuality "1"]

1. d4 Nf6 2. Bg5 d5 3. e3 c6 4. Bd3 Ne4 5. Bxe4 dxe4 6. Nd2 Qa5 7. Bf4 Nd7 8.
Ne2 g5 9. Bg3 Bg7 10. Nc3 Nf6 11. Be5 Bg4 12. Qc1 Qa6 13. Bxf6 exf6 14. Ndxe4
O-O-O 15. f3 Bh5 16. Nc5 Qc4 17. N3e4 f5 18. b3 Qb4+ 19. c3 Qa5 20. Ng3 Bg6 21.
O-O Rhe8 22. b4 Qc7 23. e4 fxe4 24. fxe4 b6 25. Nb3 h6 26. e5 f6 27. exf6 Bf8
28. Qd2 Bd6 29. Qf2 Bf4 30. Kh1 Re6 31. Rae1 Rxf6 32. Qe2 Qf7 33. b5 cxb5 34.
Qxb5 Qd7 35. Qa6+ Qb7 36. Qe2 Rc6 37. c4 Kb8 38. d5 Rcc8 39. Nd4 Re8 40. Nc6+
Rxc6 41. dxc6 Qxc6 42. Qd1 Qxc4 43. Rxe8+ Bxe8 44. Re1 Ba4 45. Qd8+ Kb7 46.
Qe7+ Bc7 47. Ne4 Qd4 48. Rb1 Bc2 49. Nc5+ Kc6 50. Ne6 Qd6 51. Qxd6+ Kxd6 52.
Re1 Bb8 53. Nd4 Ba4 54. Nf5+ Kd5 55. Nxh6 b5 56. Nf7 Bf4 57. g3 Bd2 58. Re7 b4
59. Rxa7 Bc6 60. Nd8 Bb5 61. Ra5 Kc4 62. Kg2 Be3 63. Nf7 Bc6+ 64. Kh3 Bd7+ 65.
g4 Kc3 66. Nxg5 Kb2 67. Nf3 Bb6 68. Ra6 1-0